Normal view
MARC view
- Martín Ortega, Elena
Entry Nombre Personal
001 - NUMERO DE CONTROL
- campo de control: 37667
003 - IDENTIFICADOR DE NUMERO DE CONTROL
- campo de control: UPN
005 - FECHA Y HORA DE LA ÜLTIMA TRANSACCIÓN
- campo de control: 20210219194527.0
008 - DATOS DE LONGITUD FIJA
- campo de control de longitud fija: nabaccnnaabn|||||||||| b |nc|||||d
035 ## - NUMERO DE CONTROL
- Número de control: UPN11000009774
040 ## - FUENTE DE CATALOGACIÓN
- Lenguaje de catalogación: SPA
- Agencia de transcripción: UPN
100 1# - ENCABEZAMIENTO - NOMBRE PERSONAL
- Nombre personal: Martín Ortega, Elena
400 1# - VEÁSE - NOMBRE DE PERSONA
- Personal name: Martín, Elena
670 ## - FUENTE EN LA QUE SE LOCALIZARON DATOS
- Cita de la fuente: T
- Información localizada: https://www.uam.es/ss/Satellite/Psicologia/es/1242653131629/1242653109251/persona/detallePDI/Martin_Ortega,_Elena.htm
680 ## - NOTA PUBLICA DE ACCESO PÚBLICO
- Frase explicativa de la referencia: Psicóloga educativa española
902 ## - CATALOGADOR
- Catalogador: EMR/150915
